<?xml version="1.0" encoding="UTF-8"?>
<record
    xmlns:xsi="http://www.w3.org/2001/XMLSchema-instance"
    xsi:schemaLocation="http://www.loc.gov/MARC21/slim http://www.loc.gov/standards/marcxml/schema/MARC21slim.xsd"
    xmlns="http://www.loc.gov/MARC21/slim">

  <leader>00382nam a22001337a 4500</leader>
  <controlfield tag="008">240220b        |||||||| |||| 00| 0 eng d</controlfield>
  <datafield tag="020" ind1=" " ind2=" ">
    <subfield code="a">9780140097054</subfield>
  </datafield>
  <datafield tag="082" ind1=" " ind2=" ">
    <subfield code="a">A-N</subfield>
    <subfield code="b">AUSI</subfield>
  </datafield>
  <datafield tag="100" ind1=" " ind2=" ">
    <subfield code="a">Auster, Paul</subfield>
    <subfield code="e">autor</subfield>
    <subfield code="9">43461</subfield>
  </datafield>
  <datafield tag="245" ind1=" " ind2=" ">
    <subfield code="a">In the country of last things / </subfield>
    <subfield code="c">Paul Auster</subfield>
  </datafield>
  <datafield tag="260" ind1=" " ind2=" ">
    <subfield code="a">United states:</subfield>
    <subfield code="b">Penguin books, </subfield>
    <subfield code="c">1988</subfield>
  </datafield>
  <datafield tag="300" ind1=" " ind2=" ">
    <subfield code="a">188 p&#xE1;ginas;</subfield>
    <subfield code="c">20 cm. </subfield>
  </datafield>
  <datafield tag="942" ind1=" " ind2=" ">
    <subfield code="2">ddc</subfield>
  </datafield>
  <datafield tag="999" ind1=" " ind2=" ">
    <subfield code="c">30650</subfield>
    <subfield code="d">17034</subfield>
  </datafield>
  <datafield tag="952" ind1=" " ind2=" ">
    <subfield code="0">0</subfield>
    <subfield code="1">0</subfield>
    <subfield code="2">ddc</subfield>
    <subfield code="4">0</subfield>
    <subfield code="6">A_N_AUSI</subfield>
    <subfield code="7">0</subfield>
    <subfield code="9">17970</subfield>
    <subfield code="a">Biblored</subfield>
    <subfield code="b">CPL</subfield>
    <subfield code="d">2024-02-16</subfield>
    <subfield code="l">1</subfield>
    <subfield code="o">A-N AUSI</subfield>
    <subfield code="p">35714005653970</subfield>
    <subfield code="r">2024-02-27 00:00:00</subfield>
    <subfield code="s">2024-02-27</subfield>
    <subfield code="w">2024-02-20</subfield>
    <subfield code="y">BK</subfield>
    <subfield code="z">Material interbibliotecario Bibliored </subfield>
  </datafield>
</record>
